000 00567nam a2200229Ia 4500
003 OSt
005 20221005123437.0
006 a|||||r|||| 00| 0
007 ta
008 221004b |||||||| |||| 00| 0 eng d
024 _a40302
037 _cTextual
040 _aCRL
_cCRL
_beng
041 _2eng
_aeng
082 _aO:6L75w, D4.2
100 _aLamb Charles
245 0 _aLetters ed by Alfred Ainger
260 _c1904
650 _aENGLISH LITERATURE
942 _hO:6L75w, D4.2
_cTEXL
_2cc
999 _c1047414
_d1047414